Wird geladen...

Sedges & grasses of eastern Uttar Pradesh /

Bibliographische Detailangaben
1. Verfasser: Singh, Ajai Kumar
Format: Printed Book
Sprache:English
Veröffentlicht: Delhi : Daya Pub. House, 2007.
Schlagworte:
LEADER 01433cam a22003375a 4500
008 070119s2007 ii ab b 001 0 eng
999 |c 335662  |d 335662 
010 |a  2007391218 
020 |a 8170354633 (set) 
020 |a 8170354641 (v. 1) 
020 |a 817035465X (v. 2) 
025 |a I-E-2007-391218; 39-91 
035 |a (IN-NdUBS)UBS07000144 
042 |a lcode 
043 |a a-ii--- 
082 |a 584.8409542 
100 1 |a Singh, Ajai Kumar, 
245 1 0 |a Sedges & grasses of eastern Uttar Pradesh /  |c by Ajai Kumar Singh. 
260 |a Delhi :  |b Daya Pub. House,  |c 2007. 
300 |a 2 v. (xix, 852 p.) :  |b ill., 1 map ;  |c 25 cm. 
504 |a Includes bibliographical references (p. [713]-727) and index. 
650 0 |a Carex  |z India  |z Uttar Pradesh  |v Classification. 
650 0 |a Carex  |z India  |z Uttar Pradesh  |v Identification. 
650 0 |a Grasses  |z India  |z Uttar Pradesh  |v Classification. 
650 0 |a Grasses  |z India  |z Uttar Pradesh  |v Identification. 
942 |c BK 
246 3 |a Sedges and grasses of eastern Uttar Pradesh 
906 |a 7  |b cbc  |c origode  |d 3  |e ncip  |f 20  |g y-gencatlg 
955 |a wd39 2007-04-17 to RCCD 
952 |0 0  |1 0  |2 ddc  |4 0  |6 584_840954200000000_SIN_S_1  |7 0  |9 384358  |a BOT  |b BOT  |c ST1  |d 2019-05-27  |l 0  |o 584.8409542 SIN/S.1  |p BOT7123  |r 2019-05-27  |w 2019-05-27  |y BK 
952 |0 0  |1 0  |2 ddc  |4 0  |6 584_840954200000000_SIN_S_2  |7 0  |9 384359  |a BOT  |b BOT  |c ST1  |d 2019-05-27  |l 0  |o 584.8409542 SIN/S.2  |p BOT7124  |r 2019-05-27  |w 2019-05-27  |y BK